Statistics for Movie Titles by Synonyms #2

Click here to take the quiz!

General Stats

  • This quiz has been taken 47,110 times
  • The average score is 13 of 20

Answer Stats

SynonymsMovie Title% Correct
The Taekwondo ChildThe Karate Kid
94%
Filthy ChoreographyDirty Dancing
90%
CourageousBrave
86%
Cattlemen & ExtraterrestrialsCowboys & Aliens
82%
Dozen Enraged Males12 Angry Men
82%
Coitus and the MetropolisSex and the City
79%
Offspring of the MaizeChildren of the Corn
77%
Caucasian Males Can't LeapWhite Men Can't Jump
76%
CollisionCrash
75%
Scarlet SunriseRed Dawn
72%
Insane, Idiotic, RomanceCrazy, Stupid, Love
71%
Large Mother's DomicileBig Momma's House
67%
The Stony Terror
Movie Exhibition
The Rocky Horror
Picture Show
61%
The Emerald WaspThe Green Hornet
61%
Myths of the AutumnLegends of the Fall
52%
Switching SpotsTrading Places
49%
Transparent and
Current Threat
Clear and
Present Danger
48%
Antagonist of the CountryEnemy of the State
43%
The Amazing Murine SleuthThe Great Mouse Detective
22%
Cathay CityChinatown
16%

Score Distribution

Percentile by Number Answered

Percent of People with Each Score

Your Score History

You have not taken this quiz